00608nam a22001577a 4500020001600000082000800016100002500024245008900049260003400138300002700172650005400199700003000253942001300283999001900296952013500315 qHard Cover. a004 aAttia Nafees ul Haq. aPure Mental State Detection using Electroencephalogram (EEG) /cNafees ul Haq, Attia aIslamabad:bRCMS-NUST,c2021. a51 p. :bill. ;c30cm. aMS-Computational Science and Engineering .981456 aDr. Shahzad Rasool981449 2ddccTHE c586236d586236 00102ddc406004_000000000000000_NAF709573787aRCMSbRCMScTHEd2021-08-27l0o004 NAFpRCMS003269r2021-08-27w2021-08-27yREF